Assassin's Creed : Les jeux - Statistiques

Statistiques générales
  • Ce quiz a été pris 607 fois
  • Le résultat moyen est 10 sur 13
Statistiques - réponses
Date de sortie Titre Période Historique % Correct
2007 Assassin's Creed XIIème siècle - Troisième croisade
100%
2009 Assassin's Creed II XVème siècle - Renaissance italienne
94%
2012 Assassin's Creed III XVIIIème siècle - Révolution américaine
90%
2014 Assassin's Creed Unity XVIIIème siècle - Révolution française
83%
2017 Assassin's Creed Origins Ier siècle av. J.C. - Egypte antique
82%
2020 Assassin's Creed Valhalla IXème siècle - Âge des Vikings
82%
2018 Assassin's Creed Odyssey Vème siècle av. J.C. - Grèce antique
79%
2010 Assassin's Creed : Brotherhood XVème siècle - Renaissance italienne
76%
2023 Assassin's Creed Mirage IXème siècle - Âge d'or de l'Islam
76%
2015 Assassin's Creed Syndicate XIXème siècle - Révolution industrielle
72%
2014 Assassin's Creed : Rogue XVIIIème siècle - Guerre de Sept Ans
65%
2011 Assassin's Creed : Revelations XVème siècle - Renaissance italienne
59%
2013 Assassin's Creed IV : Black Flag XVIIIème siècle - Age d'or de la piraterie
50%
Aucun quiz correspondant
Distribution des résultats
% des personnes avec chaque résultat
Percentile par nombre de réponses
Votre historique - résultats
Vous n’avez pas pris ce quiz